[Event "Titled Tue 1st Jul Early"]
[Site "chess.com INT"]
[Date "2025.07.01"]
[Round "1"]
[White "Akkara, Omer"]
[Black "Magana Morales, Roberto"]
[Result "1-0"]
[WhiteTitle "CM"]
[WhiteElo "2036"]
[BlackElo "1952"]
[WhiteFideId "26319802"]
[BlackFideId "5114454"]
[EventDate "2025.07.01"]

1. e4 c6 2. d4 d5 3. exd5 cxd5 4. Nf3 Nc6 5. Bb5 a6 6. Ba4 b5 7. Bb3 Bg4 8. c3
e6 9. O-O Bd6 10. h3 Bh5 11. Re1 Nge7 12. Bg5 Qc7 13. Bxe7 Nxe7 14. Nbd2 O-O 15.
Bc2 Nc6 16. Nf1 b4 17. Ne3 bxc3 18. bxc3 Bg6 19. Bxg6 hxg6 20. c4 dxc4 21. Nxc4
Rfd8 22. Rc1 Qd7 23. Nb6 Qb7 24. Nxa8 Qxa8 25. Qa4 Ne7 26. Ne5 Qd5 27. Qc4 Bxe5
28. dxe5 Qxc4 29. Rxc4 Nd5 30. Rb1 Ra8 31. Rb7 a5 32. a4 f6 33. exf6 gxf6 34.
Rc6 e5 35. Rd6 Nf4 36. Rxf6 Rc8 37. Ra6 1-0

[Event "Titled Tue 1st Jul Early"]
[Site "chess.com INT"]
[Date "2025.07.01"]
[Round "1"]
[White "Rivera Huerta, Alberto"]
[Black "Huschenbeth, Niclas"]
[Result "0-1"]
[WhiteTitle "CM"]
[BlackTitle "GM"]
[WhiteElo "1994"]
[BlackElo "2591"]
[WhiteFideId "5106052"]
[BlackFideId "24604747"]
[EventDate "2025.07.01"]

1. d4 Nf6 2. Nc3 d5 3. Bf4 c5 4. e3 Bg4 5. f3 Bd7 6. g4 Nc6 7. g5 Nh5 8. Nxd5
Nxf4 9. Nxf4 cxd4 10. h4 dxe3 11. Bc4 e6 12. Nge2 Qa5+ 13. c3 O-O-O 14. O-O Ne5
15. b4 Qc7 16. Bb3 Bc6 17. Nd4 Nxf3+ 18. Rxf3 e5 0-1

[Event "Titled Tue 1st Jul Early"]
[Site "chess.com INT"]
[Date "2025.07.01"]
[Round "1"]
[White "Gabrielian, Artur"]
[Black "Kocharin, Timur"]
[Result "1-0"]
[WhiteTitle "GM"]
[BlackTitle "FM"]
[WhiteElo "2407"]
[BlackElo "2302"]
[WhiteFideId "4131002"]
[BlackFideId "16240936"]
[EventDate "2025.07.01"]

1. Nf3 d5 2. g3 c5 3. Bg2 Nf6 4. O-O Nc6 5. d4 e6 6. c4 dxc4 7. Ne5 Bd7 8. Nxc4
cxd4 9. Bf4 Nd5 10. Nd6+ Bxd6 11. Bxd6 Nde7 12. Na3 Nf5 13. Nb5 Nxd6 14. Nxd6+
Ke7 15. Ne4 Qb6 16. Qd2 h6 17. b4 Qxb4 18. Qf4 f5 19. Rab1 Qa3 20. Rb3 Qxa2 21.
Qd6+ Ke8 22. Rxb7 Rd8 23. Nc5 Qa3 24. Bxc6 1-0

[Event "Titled Tue 1st Jul Early"]
[Site "chess.com INT"]
[Date "2025.07.01"]
[Round "1"]
[White "Antoniou, Rafail"]
[Black "Zaksaite, Salomeja"]
[Result "1-0"]
[WhiteTitle "CM"]
[BlackTitle "WGM"]
[WhiteElo "2134"]
[BlackElo "2133"]
[WhiteFideId "5904390"]
[BlackFideId "12801496"]
[EventDate "2025.07.01"]

1. e4 Nf6 2. Nc3 e5 3. Nf3 Nc6 4. d4 exd4 5. Nxd4 Bb4 6. Nxc6 bxc6 7. Bd3 d5 8.
exd5 cxd5 9. O-O O-O 10. h3 c6 11. Qf3 Re8 12. Bf4 Bd6 13. Rfe1 Be6 14. a3 a5
15. Na4 Qc7 16. Bxd6 Qxd6 17. Qe3 Nd7 18. Qf3 Ne5 19. Bxh7+ Kh8 20. Qh5 f6 21.
Bg6+ Kg8 22. Bxe8 1-0

[Event "Titled Tue 1st Jul Early"]
[Site "chess.com INT"]
[Date "2025.07.01"]
[Round "1"]
[White "Dambaev, Dashi"]
[Black "Domin, Yan"]
[Result "0-1"]
[WhiteTitle "CM"]
[BlackTitle "FM"]
[WhiteElo "2142"]
[BlackElo "2222"]
[WhiteFideId "55628494"]
[BlackFideId "34169342"]
[EventDate "2025.07.01"]

1. d4 Nf6 2. c4 d6 3. Nf3 g6 4. g3 Bg7 5. Bg2 O-O 6. O-O Bf5 7. Nc3 Ne4 8. Qb3
Nxc3 9. bxc3 Be4 10. Bh3 b6 11. Ne1 Bb7 12. d5 Nd7 13. Nd3 Bc8 14. Bg2 Rb8 15.
e4 e5 16. f4 f5 17. fxe5 Nxe5 18. Nxe5 Bxe5 19. Bh6 Rf7 20. c5 Qf6 21. cxd6 cxd6
22. exf5 g5 23. Bxg5 Qxg5 24. Kh1 Bxf5 25. Qc4 Rbf8 26. Rac1 Bg6 0-1

[Event "Titled Tue 1st Jul Early"]
[Site "chess.com INT"]
[Date "2025.07.01"]
[Round "1"]
[White "Gattani, Sarthak"]
[Black "Ahn, Hongjin"]
[Result "0-1"]
[BlackTitle "IM"]
[WhiteElo "1944"]
[BlackElo "2304"]
[WhiteFideId "30995965"]
[BlackFideId "13201492"]
[EventDate "2025.07.01"]

1. d4 d6 2. c4 e5 3. dxe5 dxe5 4. Qxd8+ Kxd8 5. Nc3 c6 6. e4 Kc7 7. Be3 Be6 8.
O-O-O Bb4 9. Nge2 Nd7 10. a3 Be7 11. g3 a5 12. Bg2 Bxc4 13. f4 f6 14. Rhf1 b5
15. Bh3 Nc5 16. Bxc5 Bxc5 17. fxe5 fxe5 18. Rd7+ Kb6 19. Rf5 Be3+ 20. Kc2 b4 21.
Na4+ Kb5 22. Rxe5+ Kxa4 23. Nd4 Nf6 24. Rd6 Rhd8 25. Rxd8 Rxd8 26. Nxc6 Bb3+ 0-1

[Event "Titled Tue 1st Jul Early"]
[Site "chess.com INT"]
[Date "2025.07.01"]
[Round "1"]
[White "Dilmukhametov, Artur"]
[Black "Faryma, Matviy"]
[Result "0-1"]
[WhiteTitle "FM"]
[WhiteElo "2276"]
[BlackElo "2230"]
[WhiteFideId "24179922"]
[BlackFideId "1961578"]
[EventDate "2025.07.01"]

1. e4 g6 2. d4 Bg7 3. Nf3 c6 4. Nc3 d5 5. e5 Nh6 6. Bf4 f6 7. Bd3 O-O 8. O-O Bg4
9. h3 Bxf3 10. Qxf3 fxe5 11. dxe5 g5 12. Bxh7+ Kxh7 13. Qd3+ Kh8 14. Bxg5 Nd7
15. e6 Ne5 16. Qg3 Qd6 17. Qh4 Ng6 18. Qh5 Kh7 19. f4 Nxf4 20. Bxf4 Rxf4 21.
Rxf4 Qxf4 22. Rf1 Bd4+ 23. Kh1 Qxf1+ 24. Kh2 Bg1+ 25. Kg3 Qf2# 0-1

[Event "Titled Tue 1st Jul Early"]
[Site "chess.com INT"]
[Date "2025.07.01"]
[Round "1"]
[White "Weerasekara, Dishal Nimsara"]
[Black "Movahed, Sina"]
[Result "0-1"]
[WhiteTitle "FM"]
[BlackTitle "GM"]
[WhiteElo "2104"]
[BlackElo "2558"]
[WhiteFideId "9997431"]
[BlackFideId "42520835"]
[EventDate "2025.07.01"]

1. c4 Nf6 2. Nc3 g6 3. g3 Bg7 4. Bg2 O-O 5. e3 d6 6. Nge2 e5 7. O-O Re8 8. d3 a5
9. a3 c6 10. d4 e4 11. f3 exf3 12. Bxf3 Bh3 13. Re1 Bf5 14. e4 Nxe4 15. Nf4 Ng5
16. Rxe8+ Qxe8 17. Bg2 Bxd4+ 18. Kh1 Bxc3 19. bxc3 Be4 20. Be3 Bxg2+ 21. Nxg2
Ne4 22. Qf3 Nd7 23. Rf1 f5 24. g4 Ne5 25. Qf4 Nxg4 26. Bc1 Qe6 27. h3 Ne5 28. c5
Qc4 29. cxd6 Qxf1+ 30. Qxf1 Ng3+ 31. Kg1 Nxf1 32. Kxf1 Rd8 33. Bf4 Nc4 34. Bg5
Rxd6 0-1

[Event "Titled Tue 1st Jul Early"]
[Site "chess.com INT"]
[Date "2025.07.01"]
[Round "1"]
[White "Hansen, Eric"]
[Black "Bacus, Dharim"]
[Result "1-0"]
[WhiteTitle "GM"]
[BlackTitle "FM"]
[WhiteElo "2609"]
[BlackElo "2131"]
[WhiteFideId "2606771"]
[BlackFideId "5201527"]
[EventDate "2025.07.01"]

1. e4 e5 2. Nf3 Nc6 3. Bc4 Bc5 4. c3 Nf6 5. d3 d6 6. Bb3 h6 7. O-O O-O 8. Re1
Re8 9. h3 a6 10. Nbd2 Ba7 11. Nf1 Ne7 12. Ng3 Ng6 13. d4 Be6 14. Bc2 Bd7 15. Be3
c5 16. Qd2 cxd4 17. cxd4 exd4 18. Bxd4 Ne5 19. Nh2 Bc6 20. Bxa7 Rxa7 21. Rad1
Ra8 22. Qd4 Qa5 23. Bb3 Rad8 24. Nf5 Nxe4 25. Rxe4 Nf3+ 26. Nxf3 Bxe4 27. Qxg7# 1-0

[Event "Titled Tue 1st Jul Early"]
[Site "chess.com INT"]
[Date "2025.07.01"]
[Round "1"]
[White "Tari, Aryan"]
[Black "Jahnz, Laurin"]
[Result "1-0"]
[WhiteTitle "GM"]
[BlackTitle "CM"]
[WhiteElo "2636"]
[BlackElo "2216"]
[WhiteFideId "1510045"]
[BlackFideId "16261089"]
[EventDate "2025.07.01"]

1. e4 c5 2. Nc3 e6 3. d4 cxd4 4. Qxd4 Nc6 5. Qd3 Nf6 6. Bf4 e5 7. Bg5 Be7 8.
O-O-O O-O 9. f4 d6 10. f5 Ne8 11. h4 Bxg5+ 12. hxg5 Qxg5+ 13. Kb1 Nd4 14. Nf3
Nxf3 15. gxf3 Bd7 16. Be2 Qe7 17. Nd5 Qd8 18. f4 Bc6 19. Qh3 h6 20. Rdg1 Bxd5
21. Qxh6 f6 22. Bh5 Rf7 23. Qh8+ Kxh8 24. Bxf7# 1-0

[Event "Titled Tue 1st Jul Early"]
[Site "chess.com INT"]
[Date "2025.07.01"]
[Round "1"]
[White "Jimenez Salas, Maria Teresa"]
[Black "Rogov, Matfey"]
[Result "0-1"]
[WhiteTitle "WIM"]
[BlackTitle "FM"]
[WhiteElo "2249"]
[BlackElo "2348"]
[WhiteFideId "3843866"]
[BlackFideId "44191308"]
[EventDate "2025.07.01"]

1. e4 e5 2. Nf3 Nc6 3. d4 exd4 4. Nxd4 Nf6 5. Nxc6 bxc6 6. Qe2 Bc5 7. e5 Nd5 8.
c4 Ba6 9. a3 O-O 10. b4 Bd4 11. Bb2 Nf4 12. Qd2 Bxb2 13. Qxb2 d6 14. g3 Ng6 15.
f4 dxe5 16. f5 Ne7 17. Qxe5 Re8 18. Kf2 Nxf5 19. Qc5 Qf6 20. Ra2 Ne3+ 21. Ke2
Rad8 22. Qxe3 Bxc4+ 0-1

[Event "Titled Tue 1st Jul Early"]
[Site "chess.com INT"]
[Date "2025.07.01"]
[Round "1"]
[White "Atkeson, Christopher Timothy"]
[Black "Gelman, Alexander"]
[Result "0-1"]
[BlackTitle "IM"]
[WhiteElo "1979"]
[BlackElo "2403"]
[WhiteFideId "39956547"]
[BlackFideId "4118316"]
[EventDate "2025.07.01"]

1. e4 c5 2. Nf3 e6 3. d4 cxd4 4. Nxd4 a6 5. Bd3 d6 6. O-O Nf6 7. Nc3 b5 8. Bg5
Bb7 9. Qe2 Nbd7 10. Nb3 Be7 11. f4 h6 12. Bh4 Qc7 13. Bf2 b4 14. Nb1 g5 15. f5
e5 16. N1d2 h5 17. Rfd1 h4 18. Be3 Nh5 19. Nc4 Nf4 20. Bxf4 gxf4 21. Nca5 h3 22.
Nxb7 Qxb7 23. Bc4 Rg8 24. Bd5 Qb6+ 25. Kh1 hxg2+ 26. Qxg2 Rxg2 27. Kxg2 0-1

[Event "Titled Tue 1st Jul Early"]
[Site "chess.com INT"]
[Date "2025.07.01"]
[Round "1"]
[White "Redor, Menandro"]
[Black "Iljin, Timofey"]
[Result "0-1"]
[BlackTitle "IM"]
[WhiteElo "2021"]
[BlackElo "2242"]
[WhiteFideId "5222010"]
[BlackFideId "14110180"]
[EventDate "2025.07.01"]

1. e4 e6 2. Nc3 d5 3. f4 dxe4 4. Nxe4 Bd7 5. Nf3 Bc6 6. Bd3 Nf6 7. Qe2 Nxe4 8.
Bxe4 Bc5 9. d3 Qd6 10. Be3 Nd7 11. O-O O-O-O 12. Kh1 Bxe4 13. dxe4 Bxe3 14. Qxe3
Qc5 15. Qc1 f6 16. c3 Qc4 17. Nd4 Nc5 18. b3 Qa6 19. b4 Nxe4 20. b5 Qd6 21. a4
e5 22. Nf5 Qd2 23. Qxd2 Nxd2 24. fxe5 Nxf1 25. Rxf1 fxe5 26. Nxg7 Rhf8 27. Re1
Rd2 0-1

[Event "Titled Tue 1st Jul Early"]
[Site "chess.com INT"]
[Date "2025.07.01"]
[Round "1"]
[White "Zong, Davis"]
[Black "Klukin, Kirill"]
[Result "0-1"]
[WhiteTitle "FM"]
[BlackTitle "IM"]
[WhiteElo "2242"]
[BlackElo "2401"]
[WhiteFideId "30903955"]
[BlackFideId "24199273"]
[EventDate "2025.07.01"]

1. d4 e6 2. c4 b6 3. Nf3 Bb7 4. g3 Bb4+ 5. Bd2 Qe7 6. Bg2 f5 7. O-O Nf6 8. Qc2
O-O 9. a3 Bxd2 10. Nbxd2 d6 11. b4 Nbd7 12. e3 a5 13. Rfc1 Ne4 14. Nxe4 Bxe4 15.
Qc3 Nf6 16. Nd2 Bxg2 17. Kxg2 e5 18. c5 exd4 19. Qxd4 dxc5 20. bxc5 b5 21. Rab1
Rad8 22. Qc3 Nd5 23. Qxa5 b4 24. Nc4 Qe4+ 25. Kg1 Nc3 26. Rxc3 Qxb1+ 0-1

[Event "Titled Tue 1st Jul Early"]
[Site "chess.com INT"]
[Date "2025.07.01"]
[Round "1"]
[White "McDonald, Jhustice-Dimonte"]
[Black "Bouska, Jiri"]
[Result "0-1"]
[WhiteTitle "CM"]
[BlackTitle "FM"]
[WhiteElo "2041"]
[BlackElo "2296"]
[WhiteFideId "7402481"]
[BlackFideId "23722223"]
[EventDate "2025.07.01"]

1. b3 e5 2. Bb2 Nc6 3. c4 d6 4. e3 g6 5. Nf3 Bg7 6. d4 exd4 7. exd4 Nge7 8. Be2
O-O 9. O-O d5 10. Ne5 Nxe5 11. dxe5 Be6 12. Nd2 Nc6 13. cxd5 Bxd5 14. f4 Qe7 15.
Rc1 Rad8 16. Qe1 Rfe8 17. Nf3 f6 18. Bc4 fxe5 19. fxe5 Kh8 0-1

[Event "Titled Tue 1st Jul Early"]
[Site "chess.com INT"]
[Date "2025.07.01"]
[Round "1"]
[White "Buscar, Michael"]
[Black "Le, Tuan Minh"]
[Result "0-1"]
[BlackTitle "GM"]
[WhiteElo "2016"]
[BlackElo "2598"]
[WhiteFideId "2603616"]
[BlackFideId "12401153"]
[EventDate "2025.07.01"]

1. d4 d5 2. c4 c6 3. Nf3 Nf6 4. g3 g6 5. Bg2 Bg7 6. O-O O-O 7. cxd5 cxd5 8. Nc3
Nc6 9. Bf4 Ne4 10. Rc1 Bf5 11. Qb3 Nxc3 12. bxc3 Na5 13. Qb5 a6 14. Qb4 Rc8 15.
Ne5 Be6 16. Rfd1 Re8 17. Nd3 b6 18. Nb2 Bf8 19. a4 Bg4 20. Re1 e5 0-1

[Event "Titled Tue 1st Jul Early"]
[Site "chess.com INT"]
[Date "2025.07.01"]
[Round "1"]
[White "Chiang, Jacob"]
[Black "Jalving, August"]
[Result "1-0"]
[BlackTitle "FM"]
[WhiteElo "2032"]
[BlackElo "2320"]
[WhiteFideId "30962331"]
[BlackFideId "1471759"]
[EventDate "2025.07.01"]

1. c4 e5 2. Nc3 Bb4 3. g3 Ne7 4. Bg2 Bxc3 5. dxc3 Nbc6 6. e4 d6 7. Ne2 O-O 8.
O-O Be6 9. b3 f5 10. exf5 Bxf5 11. f4 exf4 12. Bxf4 Ng6 13. Nd4 Bd7 14. Bd5+ Kh8
15. Be3 Qe7 16. Qd2 Rxf1+ 17. Rxf1 Rf8 18. Rxf8+ Qxf8 19. Nb5 Qd8 20. Bg5 Qe8
21. Nxc7 Qf8 22. Ne6 Bxe6 23. Bxe6 Nce5 24. Bd5 Ne7 25. Bxe7 Qxe7 26. Qf2 h6 27.
Qxa7 Qf6 28. Qb8+ 1-0

[Event "Titled Tue 1st Jul Early"]
[Site "chess.com INT"]
[Date "2025.07.01"]
[Round "1"]
[White "Ter-Sahakyan, Samvel"]
[Black "Devaev, Alexander"]
[Result "1-0"]
[WhiteTitle "GM"]
[BlackTitle "FM"]
[WhiteElo "2611"]
[BlackElo "2306"]
[WhiteFideId "13302531"]
[BlackFideId "4169395"]
[EventDate "2025.07.01"]

1. d4 Nf6 2. c4 e6 3. Nc3 Bb4 4. f3 c5 5. d5 b5 6. e4 bxc4 7. Bxc4 exd5 8. Bxd5
Nc6 9. Bxc6 dxc6 10. Qxd8+ Kxd8 11. Ne2 Ba6 12. Ng3 Nd7 13. Bf4 g6 14. O-O-O Ke7
15. Bd6+ Ke6 16. f4 Rhd8 17. f5+ Kf6 18. e5+ Kg7 19. Nce4 Re8 20. e6 fxe6 21.
f6+ Kh8 22. f7 Red8 23. Be7 Ba5 24. Rxd7 1-0

[Event "Titled Tue 1st Jul Early"]
[Site "chess.com INT"]
[Date "2025.07.01"]
[Round "1"]
[White "Birkisson, Bjorn Holm"]
[Black "Denishev, Marat"]
[Result "0-1"]
[WhiteTitle "CM"]
[BlackTitle "FM"]
[WhiteElo "2159"]
[BlackElo "2101"]
[WhiteFideId "2310600"]
[BlackFideId "24131563"]
[EventDate "2025.07.01"]

1. e4 c6 2. d4 d5 3. Nc3 dxe4 4. Nxe4 Nf6 5. Nxf6+ exf6 6. c3 Bd6 7. Bd3 O-O 8.
Qc2 h5 9. Be3 Re8 10. O-O-O Nd7 11. h3 Nf8 12. g4 h4 13. Nf3 g5 14. Ne1 Be6 15.
Ng2 Bd5 16. Rhg1 Bh2 17. Rh1 Qd6 18. f4 Bg3 19. Bg1 Bxf4+ 20. Kb1 Bg3 21. Rf1
Re6 22. Bf5 Re7 23. Qe2 Rxe2 0-1

[Event "Titled Tue 1st Jul Early"]
[Site "chess.com INT"]
[Date "2025.07.01"]
[Round "1"]
[White "Gutierrez Olivares, Daniel"]
[Black "Vokhidov, Shamsiddin"]
[Result "0-1"]
[WhiteTitle "FM"]
[BlackTitle "GM"]
[WhiteElo "2354"]
[BlackElo "2650"]
[WhiteFideId "2264005"]
[BlackFideId "14204223"]
[EventDate "2025.07.01"]

1. c4 e6 2. g3 d5 3. Bg2 d4 4. f3 Nf6 5. f4 c5 6. Nh3 Bd6 7. O-O Nc6 8. e4 e5 9.
f5 d3 10. Nf2 Be7 11. a3 Nd4 12. Nxd3 b5 13. Nxe5 O-O 14. Nc3 bxc4 15. Nxc4 Bb7
16. d3 Nd7 17. Qg4 Nf6 18. Qd1 Rc8 19. Bf4 Ba6 20. e5 Nd7 21. f6 gxf6 22. Bh6 f5
23. Bxf8 Bxf8 24. Bd5 Qg5 25. Qd2 Qg6 26. Qf4 Bh6 27. Qf2 Bxc4 28. dxc4 Nxe5 29.
Qg2 Ng4 30. Rae1 Ne3 31. Qf3 f4 32. Qxe3 fxe3 0-1

[Event "Titled Tue 1st Jul Early"]
[Site "chess.com INT"]
[Date "2025.07.01"]
[Round "1"]
[White "Paravyan, David"]
[Black "Klys, Kacper"]
[Result "1/2-1/2"]
[WhiteTitle "GM"]
[BlackTitle "CM"]
[WhiteElo "2589"]
[BlackElo "2124"]
[WhiteFideId "4194985"]
[BlackFideId "21005281"]
[EventDate "2025.07.01"]

1. c4 e5 2. Nc3 Nf6 3. Nf3 Nc6 4. e4 Bb4 5. d3 d6 6. Be2 h6 7. O-O O-O 8. a3 Bc5
9. b4 Bb6 10. Na4 Bd4 11. Rb1 a6 12. b5 Ne7 13. Nxd4 exd4 14. Bb2 axb5 15. cxb5
c5 16. bxc6 Nxc6 17. Bc1 Be6 18. Rxb7 Qa5 19. Nb6 Qa6 20. Rxf7 Qxb6 21. Rxf8+
Kxf8 22. Bf4 Ne5 23. Bg3 Qb3 24. Qa1 Qc3 25. Qb1 Qb3 26. Qa1 Qc3 27. Qb1 Qb3 28.
Qa1 1/2-1/2

[Event "Titled Tue 1st Jul Early"]
[Site "chess.com INT"]
[Date "2025.07.01"]
[Round "1"]
[White "Bozorov, Javohir"]
[Black "Ibarra Jerez, Jose Carlos"]
[Result "0-1"]
[WhiteTitle "FM"]
[BlackTitle "GM"]
[WhiteElo "2039"]
[BlackElo "2545"]
[WhiteFideId "14216957"]
[BlackFideId "2226332"]
[EventDate "2025.07.01"]

1. e4 c5 2. Nf3 Nc6 3. d4 cxd4 4. Nxd4 e6 5. c4 Nf6 6. Nxc6 bxc6 7. Bd3 e5 8.
Be3 Rb8 9. Qd2 Ng4 10. Bg5 Qb6 11. h3 Nf6 12. Bxf6 gxf6 13. b3 Rg8 14. O-O d5
15. exd5 Bxh3 16. Be4 f5 17. Qd3 fxe4 18. Qd2 Bxg2 19. Re1 Bf3+ 20. Kh2 cxd5 21.
Nc3 Bh6 22. Qc2 Bf4+ 0-1

[Event "Titled Tue 1st Jul Early"]
[Site "chess.com INT"]
[Date "2025.07.01"]
[Round "1"]
[White "Xiong, Jeffery"]
[Black "Levitan, Caleb Levi"]
[Result "1-0"]
[WhiteTitle "GM"]
[BlackTitle "FM"]
[WhiteElo "2646"]
[BlackElo "2399"]
[WhiteFideId "2047640"]
[BlackFideId "14332620"]
[EventDate "2025.07.01"]

1. e4 c5 2. Nf3 e6 3. c3 Nf6 4. e5 Nd5 5. d4 cxd4 6. cxd4 d6 7. Bc4 Be7 8. O-O
O-O 9. Qe2 dxe5 10. dxe5 Bd7 11. Qe4 Bc6 12. Qg4 Re8 13. Bh6 g6 14. Nbd2 Nd7 15.
Rfe1 Qc7 16. Rac1 N5b6 17. Bxe6 fxe6 18. Qxe6+ Kh8 19. Qf7 Bf8 20. Ng5 Re7 21.
Bg7+ Bxg7 22. Qxe7 Nd5 23. Nf7+ Kg8 24. Qe6 Kf8 25. Ng5 N7f6 26. exf6 Nxf6 27.
Nde4 Re8 28. Nxf6 1-0

[Event "Titled Tue 1st Jul Early"]
[Site "chess.com INT"]
[Date "2025.07.01"]
[Round "1"]
[White "Yang, Larry"]
[Black "Zlatkov, Anton"]
[Result "0-1"]
[BlackTitle "FM"]
[WhiteElo "2017"]
[BlackElo "2330"]
[WhiteFideId "2637618"]
[BlackFideId "15005402"]
[EventDate "2025.07.01"]

1. e4 c5 2. Nf3 d6 3. Bb5+ Bd7 4. Bxd7+ Nxd7 5. O-O Ngf6 6. d3 e6 7. b3 Be7 8.
Bb2 O-O 9. c4 Nb8 10. Re1 Nc6 11. d4 cxd4 12. Nxd4 a6 13. f3 Rc8 14. Kh1 Qa5 15.
Nc3 Rfd8 16. Qd2 Nxd4 17. Qxd4 b5 18. cxb5 axb5 19. Rad1 b4 20. Na4 Rc6 21. e5
dxe5 22. Qxe5 Rxd1 23. Rxd1 Qxe5 24. Bxe5 Nd5 25. h3 f6 26. Bb2 Rc2 27. Rc1 Re2
28. Rc8+ Kf7 29. Kg1 Ne3 30. g4 Bd6 31. Bd4 Bh2+ 32. Kh1 Nf1 0-1

[Event "Titled Tue 1st Jul Early"]
[Site "chess.com INT"]
[Date "2025.07.01"]
[Round "1"]
[White "Habans Aguerrea, Javier"]
[Black "Fernandez, Maria Florencia"]
[Result "1-0"]
[WhiteTitle "IM"]
[BlackTitle "WIM"]
[WhiteElo "2448"]
[BlackElo "2163"]
[WhiteFideId "24524689"]
[BlackFideId "116459"]
[EventDate "2025.07.01"]

1. b3 Nf6 2. Bb2 g6 3. Nf3 Bg7 4. g3 O-O 5. Bg2 d6 6. O-O Nc6 7. d4 e5 8. dxe5
Ng4 9. c4 Ngxe5 10. Nxe5 Nxe5 11. Nc3 Rb8 12. Qd2 Be6 13. h3 Qd7 14. Kh2 h5 15.
Rad1 h4 16. g4 f5 17. f4 Nc6 18. g5 Rfe8 19. Nd5 Bxd5 20. Bxd5+ Kh7 21. Qe1 Re6
22. Qxh4+ Kg8 23. Bxg7 Kxg7 24. Qh6+ Kf7 25. Qh7+ Ke8 26. Qxd7+ Kxd7 27. Bxe6+
Kxe6 28. Kg3 a5 29. h4 a4 30. Rh1 Ra8 31. h5 gxh5 32. Rxh5 axb3 33. axb3 Ra3 34.
Rd3 Ra2 35. Re3+ Kf7 36. Rh7+ Kg6 37. Rxc7 Nd4 38. Kf2 Kh5 39. Rh7+ Kg4 40. Rg3+
Kxf4 41. Rh4+ Ke5 42. Re3# 1-0

[Event "Titled Tue 1st Jul Early"]
[Site "chess.com INT"]
[Date "2025.07.01"]
[Round "1"]
[White "Zhou, Yuxu"]
[Black "Nifdaliyev, Jahangir"]
[Result "1-0"]
[WhiteTitle "CM"]
[BlackTitle "FM"]
[WhiteElo "2197"]
[BlackElo "2312"]
[WhiteFideId "8626421"]
[BlackFideId "13407740"]
[EventDate "2025.07.01"]

1. e4 c5 2. d4 cxd4 3. Qxd4 d6 4. Nc3 Nc6 5. Qd2 Nf6 6. b3 g6 7. Bb2 Bg7 8.
O-O-O O-O 9. f3 a5 10. Bb5 a4 11. Nxa4 Ra5 12. Bxc6 bxc6 13. e5 Nd5 14. exd6
Bxb2+ 15. Kxb2 Rxa4 16. bxa4 Qxd6 17. c4 Qb8+ 18. Ka1 Nb4 19. Qc3 Bf5 20. a3 Na6
21. Ne2 e5 22. Ng3 Be6 23. Ne4 h6 24. Rb1 Qa7 25. Qxe5 1-0

[Event "Titled Tue 1st Jul Early"]
[Site "chess.com INT"]
[Date "2025.07.01"]
[Round "1"]
[White "Kozak, Adam"]
[Black "Preobrazhenskaya, Diana"]
[Result "1-0"]
[WhiteTitle "GM"]
[BlackTitle "WFM"]
[WhiteElo "2589"]
[BlackElo "2029"]
[WhiteFideId "753246"]
[BlackFideId "34270566"]
[EventDate "2025.07.01"]

1. a3 e5 2. e4 Nc6 3. Nf3 Nf6 4. Nc3 Bc5 5. Nxe5 Nxe5 6. d4 Bd6 7. f4 Ng6 8. e5
Be7 9. f5 Nh4 10. Bd3 Nxg2+ 11. Kf2 Nh4 12. exf6 Bxf6 13. Re1+ Kf8 14. Qg4 h5
15. Qf4 c6 16. Qd6+ Kg8 17. Bf4 Kh7 18. Ne4 Rg8 19. Nxf6+ gxf6 20. Bg3 Rg4 21.
Re7 Qg8 22. Qxf6 Rf4+ 23. Ke1 Nf3+ 24. Kd1 Rg4 25. Rxf7+ Rg7 26. Qxg7+ Qxg7 27.
f6+ Kg8 28. Rxg7+ Kf8 29. Bd6+ Ke8 30. Bg6+ 1-0

[Event "Titled Tue 1st Jul Early"]
[Site "chess.com INT"]
[Date "2025.07.01"]
[Round "1"]
[White "Mourao, Igor A.C.Lofredo"]
[Black "Dragnev, Valentin"]
[Result "1/2-1/2"]
[BlackTitle "GM"]
[WhiteElo "2177"]
[BlackElo "2547"]
[WhiteFideId "2102544"]
[BlackFideId "1634852"]
[EventDate "2025.07.01"]

1. d4 d5 2. c4 e6 3. Nc3 c5 4. cxd5 exd5 5. Nf3 Nf6 6. g3 Be7 7. Bg2 O-O 8. O-O
Nc6 9. Bg5 c4 10. Ne5 Be6 11. b3 h6 12. Bxf6 Bxf6 13. Nxc6 bxc6 14. bxc4 dxc4
15. e3 c5 16. Ne4 cxd4 17. Nxf6+ gxf6 18. Bxa8 Qxa8 19. Qxd4 Bh3 20. f3 Bxf1 21.
Rxf1 Qc6 22. Rc1 Qxf3 23. Rxc4 Rb8 24. Qg4+ Qxg4 25. Rxg4+ Kf8 26. Ra4 Rb1+ 27.
Kf2 Rb2+ 28. Kf3 Rxh2 29. Rxa7 Kg7 30. a4 Ra2 31. Ra8 h5 32. Ra5 Kg6 33. Ra8 Kg5
34. Rg8+ Kf5 35. Rh8 Kg6 36. Rg8+ Kh6 37. Ra8 Ra3 38. Ra6 Kg5 39. Ra8 Ra1 40.
Rg8+ Kf5 41. Rh8 Kg6 42. Rg8+ Kh7 43. Ra8 Kg6 44. Rg8+ Kh6 45. Rh8+ Kg5 46. Rg8+
Kf5 47. Rh8 Kg6 48. Rg8+ 1/2-1/2